| 000 | 00646nam a2200229 a 4500 | ||
|---|---|---|---|
| 001 | 72567 | ||
| 003 | BD-RjUL | ||
| 005 | 20211209082258.0 | ||
| 008 | 170521s1961 nyua 001 0 eng | ||
| 035 | _a(BD-RjUL)72785 | ||
| 040 |
_aDLC _cODaWU _dOCoLC _dUk _dDLC _dBD-RjUL _beng |
||
| 041 | _aeng | ||
| 082 |
_223 _a532 _bVEE 1961 |
||
| 100 | 1 |
_aVennard, John King. _9214646 |
|
| 245 | 1 | 0 |
_aElementary fluid mechanics / _cJohn K. Vennard. |
| 250 | _a4th ed. | ||
| 260 |
_aNew York : _bJohn Wiley & Sons, _cc1961. |
||
| 300 |
_axiv, 570 p. : _bill. ; _c24 cm. |
||
| 500 | _aIncludes index. | ||
| 650 | 0 |
_aFluid mechanics. _9214647 |
|
| 942 |
_2ddc _cBK |
||
| 999 |
_c72567 _d72567 |
||